000 01098cam a22002651 4500
001 pa 57000004
003 DLC
005 20260227111853.0
008 740410s1956 dcu b 001 0 eng
010 _apa 57000004
035 _a(OCoLC)853092
040 _aDLC
_cOKentU
_dOCoLC
_dDLC
042 _apremarc
050 0 0 _aML106.U3
_bH6 1956
110 2 _aDistrict of Columbia Historical Records Survey.
245 1 0 _aBio-bibliographical index of musicians in the United States of America since colonial times.
250 _a2d ed.
260 _aWashington,
_bMusic Section, Pan American Union,
_c1956.
300 _axxiii, 439 p.
_c28 cm.
500 _a"This Index was first planned in 1936 by Keyes Porter ... It was revived and expanded in January 1940 under the supervision of Dr. Leonard Ellinwood."
504 _aBibliography: p. xvii-xxiii.
500 _a"A list of special studies, biographies, and autobiographies pertaining to the persons whose names appear in the Index": p. 421-439.
650 0 _aMusic
_xBio-bibliography.
650 0 _aMusic
_zUnited States
_xBio-bibliography.
999 _c51334
_d51334